Microprocessor systems design : (Record no. 4705)
[ view plain ]
| 000 -LEADER | |
|---|---|
| fixed length control field | 00927cac a22002411u 4500 |
| 090 ## - LOCALLY ASSIGNED LC-TYPE CALL NUMBER (OCLC); LOCAL CALL NUMBER (OCLC) | |
| -- | 4705 |
| 008 - FIXED-LENGTH DATA ELEMENTS--GENERAL INFORMATION | |
| fixed length control field | 081108t1992 xxu||||| |||| 00| 0 eng d |
| 010 ## - LIBRARY OF CONGRESS CONTROL NUMBER | |
| LC control number | 91039492 |
| 020 ## - INTERNATIONAL STANDARD BOOK NUMBER | |
| International Standard Book Number | 0534925685 (acid-free paper) |
| 022 ## - INTERNATIONAL STANDARD SERIAL NUMBER | |
| International Standard Serial Number | 0534983561 |
| 082 00 - DEWEY DECIMAL CLASSIFICATION NUMBER | |
| Classification number | 004.165 |
| Item number | C6265 |
| 100 ## - MAIN ENTRY--PERSONAL NAME | |
| Personal name | Clements, Alan, |
| 245 10 - TITLE STATEMENT | |
| Title | Microprocessor systems design : |
| Remainder of title | 68000 hardware, software, and interfacing / |
| Statement of responsibility, etc | Alan Clements. |
| 250 ## - EDITION STATEMENT | |
| Edition statement | 2nd ed. |
| Remainder of edition statement | International ed. |
| 260 ## - PUBLICATION, DISTRIBUTION, ETC. (IMPRINT) | |
| Place of publication, distribution, etc | Boston : |
| Name of publisher, distributor, etc | PWS-Kent Pub. Co., |
| Date of publication, distribution, etc | c1992. |
| 300 ## - PHYSICAL DESCRIPTION | |
| Extent | xiv, 895 p. : |
| Other physical details | ill. ; |
| Dimensions | 25 cm. |
| 500 ## - GENERAL NOTE | |
| General note | International Edition. |
| 504 ## - BIBLIOGRAPHY, ETC. NOTE | |
| Bibliography, etc | Includes bibliographical references (p. 881-884) and index. |
| 650 #0 - SUBJECT ADDED ENTRY--TOPICAL TERM | |
| Topical term or geographic name as entry element | Motorola 68000 (Microprocessor) |
| 650 #0 - SUBJECT ADDED ENTRY--TOPICAL TERM | |
| Topical term or geographic name as entry element | System design. |
| 942 ## - ADDED ENTRY ELEMENTS (KOHA) | |
| Item type | Book - Borrowing |
| Call number prefix | 004.165C6265 |
| Source of classification or shelving scheme | Dewey Decimal Classification |
| Withdrawn status | Item status | Damaged status | Not for loan | Home library | Current library | Shelving location | Date acquired | Source of acquisition | Total Checkouts | Full call number | Barcode | Date last seen | Koha item type |
|---|---|---|---|---|---|---|---|---|---|---|---|---|---|
| Central Library | Central Library | Lower Floor | 07/09/2016 | Purchase | 004.165 CLE | 000005816 | 15/07/2025 | Book - Borrowing |